|
|
|
|
| LEADER |
00000nab a2200000u 4500 |
| 001 |
vtls011999368 |
| 003 |
SK-MaSNL |
| 005 |
20260304180227.0 |
| 008 |
201022|20200902xo ||||||| || ||slo| |
| 038 |
|
|
|a KEVKJB
|
| 040 |
|
|
|a KEVKJB
|b slo
|e rda
|
| 041 |
0 |
|
|a slo
|
| 043 |
|
|
|a e-xo---
|
| 044 |
|
|
|a xo
|c SK
|
| 072 |
|
7 |
|a 004
|x Počítačová veda. Výpočtová technika. Informačné technológie
|2 konspekt
|
| 080 |
|
|
|a 004
|2 2011
|
| 110 |
2 |
|
|a Slovenská tlačová agentúra
|4 aut
|9 188059
|
| 245 |
0 |
0 |
|a V Košiciach vzniká štátne IT centrum, jeho šéfom bude Pavol Miroššay
|c [autor] (sita)
|
| 300 |
|
|
|b Fotografie
|
| 336 |
|
|
|a text
|b txt
|2 rdacontent
|
| 337 |
|
|
|a bez média
|b n
|2 rdamedia
|
| 338 |
|
|
|a zväzok
|b nc
|2 rdacarrier
|
| 650 |
0 |
7 |
|a informatizácia
|2 SNKPHbucl
|9 18583
|
| 650 |
0 |
7 |
|a informačné technológie
|2 SNKPH
|9 1527
|
| 651 |
|
7 |
|a Košice (Slovensko)
|2 SNKPHgeo
|9 18694
|
| 773 |
0 |
|
|t Korzár
|g Roč. XXIII., č. 203 (2.9.2020), s. 4
|x 2585-7355
|
| 852 |
|
|
|a KEVKJB
|b KIS3GCP
|
| 856 |
4 |
1 |
|u https://kosice.korzar.sme.sk/c/22478721/v-kosiciach-vznika-statne-it-centrum-sefom-bude-mirossay.html
|
| 999 |
|
|
|c 3017068
|d 3018998
|